000 00431nam a2200181Ia 4500
001 15213
005 20260306165011.0
008 260306t2002||||xx |||||||||||||| ||spa||
041 _aESP
082 _a530.076
_bLI735
100 _aLleó, Anastasio
_eAUT
245 0 _aProblemas y cuestiones de física
260 _c2002
300 _a726 páginas :
_cgrafs.
650 _aGEN
654 _aCCN
942 _cLIB
_dJUS
_fJUS
_2ddc
_n
999 _c15213
_d15213